[Event "Dos Hermanas op"]
[Site "Dos Hermanas"]
[Date "2000.04.13"]
[Round "7"]
[White "Spraggett, Kevin"]
[Black "Kogan, Artur"]
[Result "1/2-1/2"]
[WhiteElo "2529"]
[BlackElo "2483"]
[Annotator "Kogan,A"]
[PlyCount "68"]
[EventDate "2000.04.??"]
[EventType "swiss"]
[EventRounds "9"]
[EventCountry "ESP"]
[SourceTitle "CBM 077"]
[Source "ChessBase"]
[SourceDate "2000.07.27"]
[SourceVersion "1"]
[SourceVersionDate "2000.07.27"]
[SourceQuality "1"]

1. d4 {Kogan,Arthur} Nf6 2. c4 c5 3. d5 b5 4. cxb5 a6 5. bxa6 g6 6. Nc3 Bxa6 7.
g3 Bg7 8. Bg2 d6 9. Nf3 Nbd7 10. Rb1 $5 Qa5 (10... Nb6 11. b3 Bc8 $5 12. e4 (
12. Nh4 h6 $5 13. Qc2 Qd7 $1 14. Bb2 g5 15. Nf3 Qf5 16. e4 Qg6 $44 {Breyer-Van
der weide /OPEN99}) 12... Ba6 13. Bf1 Qc8 $44 {Cvitan-Matamoros/Cannes96}) 11.
Bd2 (11. O-O Nb6 $5) 11... O-O 12. O-O Bb7 $5 $146 {[%cal Ga5a6,Yd7b6] Black
intends to move his queen to a6 and the knight to b6. On the other hand 11.Bb7
prepares the central break e7-e6.} (12... Rfb8 {Stohl} 13. b3 Qa3 $1 14. Qc2
Nb6 15. Bc1 Qa5 16. Rd1 Ne8 $1 $146 17. Bd2 {[%cal Ya2a4,Rc3b5] /\a4,Nb5} Qa3
$1 18. e4 Bc8 19. h3 Bd7 $44 {0-1 Avrukh,B-Ponomariov,R/Batumi 1999/CBM 74/
[Stohl] (39)}) 13. Qc2 Qa6 $1 (13... Qb6 14. Nh4 $1 (14. e4 Ng4) 14... e6 $6
15. e4 exd5 16. exd5 $16) 14. e4 (14. Nh4 Nb6 (14... Ng4 $5) 15. e4 Ng4 $132)
14... e6 $5 (14... Ng4 $13) 15. dxe6 (15. Nh4 $2 exd5 16. exd5 Nb6) 15... fxe6
$44 16. b3 $1 {This accurate move is the strongest one. In other cases black
gets a strong counterplay:} (16. b4 $5 {Suggestion of Fritz, but black gets a
good play there:} Qc4 $1 (16... cxb4 17. Rxb4 Nc5 18. Rfb1 $16) 17. Rfc1 cxb4
18. Bf1 Qc5 19. Qb3 $1 bxc3 20. Rxc3 Nxe4 $1 21. Qxe6+ Kh8 22. Rxc5 Ndxc5 23.
Qg4 Bc8 $17) (16. Rfe1 $5 d5 $2 (16... Ng4 $1) 17. exd5 exd5 18. Re7 d4 19.
Nxd4 $1 {[%csl Rb7][%cal Rc2b3]} Bxg2 20. Ne6 $18) (16. Ng5 d5 (16... Rfe8 $5
17. Bh3 d5 {[%cal Ya6e6]}) 17. exd5 exd5 18. Rbe1 Rae8 $44) 16... d5 17. exd5
exd5 18. Na4 Rac8 (18... Ne4 19. Ng5 $1 Nxd2 20. Qxd2 $16 {[%csl Rc5,Rd5]}) 19.
Rbe1 $1 {R f1 should protect the f2-point.} d4 $5 (19... Rfd8 20. Bh3 $1 $16 {
[%csl Re6]}) (19... Ne4 20. Ng5 $1 Ndf6 21. Nxe4 Nxe4 22. Bxe4 dxe4 23. Nxc5
$16) 20. Nb2 (20. Re7 $6 c4 $1 21. Nxd4 Bxg2 22. Kxg2 Qd6 23. Rxg7+ Kxg7 24.
Bc3 $13) 20... Ng4 $1 {One unaccurate move and white gets an advantage!} (20...
Qa8 21. Nh4 $16) 21. Ng5 (21. Bf4 Qa8 22. Nh4 (22. Re7 Ndf6 23. Ne1 Bxg2 24.
Nxg2 Nd5 25. Qc4 Kh8 $13) 22... Bxg2 23. Nxg2 Nde5 $36 {[%csl Rf3]}) 21... Bxg2
22. Kxg2 Nge5 $1 {[%mdl 128]} (22... Nde5 $2 {Kogan: "I lost a lot of time for
calculating many crazy lines like this one..."} 23. f3 $1 (23. f4 c4 $1 24.
fxe5 c3 25. Rxf8+ Rxf8 26. Nd3 cxd2 27. Qxd2 Ne3+ 28. Kg1 Bxe5 $1 $44 {but
even after 24.Nxc4 Nxc4 25.bxc4 Rxc4 26.Qb3white is winning...}) 23... c4 24.
Nxc4 Nxc4 25. bxc4 Rxc4 26. Qb3 $16) {Black threats are h7-h6 and then Nf3, or
just d4-d3 or c5-c4. White has an only way to continue:} 23. f4 d3 $1 24. Qb1
Qc6+ 25. Kh3 $5 {It looks like white is winning, but still black has a move!} (
25. Kg1 Ng4 {[%cal Rg7d4] The threat is Bd4+, so white has to play:} 26. Ne6 (
26. Nf3 $1 c4 27. Nxc4 Nc5 28. h3 $16) 26... Rfe8 27. Nxg7 Re2 $1 28. Rxe2 dxe2
29. Re1 Qf3 30. Nd3 c4 $1 31. bxc4 Nc5 $1 $17) 25... h6 $1 26. Ne4 (26. fxe5 $6
Rxf1 27. Rxf1 Nxe5 28. Bf4 hxg5 29. Bxe5 Qe6+ 30. Kg2 Qxe5 31. Nxd3 Qe4+ $40)
26... Qd5 $3 {[%mdl 128] Kogan:"with less than one minute on the clock I found
the right way!"} (26... c4 27. Nxc4 Nxc4 28. bxc4 Qxc4 29. Nd6 $18) (26... g5
$5 27. Nxd3 $1 g4+ 28. Kg2 Nf3 29. Rxf3 gxf3+ 30. Kxf3 c4 31. bxc4 Qxc4 32. Qb3
$16) 27. fxe5 (27. Kg2 $2 Nf6 28. fxe5 Nxe4 29. Qxd3 Qxd3 30. Nxd3 Nxd2 $17) (
27. Nd1 $6 Ng4 $3 $40) 27... Nxe5 $1 (27... Rxf1 28. Rxf1 Qxe4 29. Qxd3 $18)
28. Bf4 (28. Rxf8+ Rxf8 29. Kg2 Nf3 30. Qxd3 (30. Nc4 Nxe1+ 31. Qxe1 Re8 32.
Kf3 g5 $1 $36) 30... Qh5 31. Rh1 Bxb2 $44) 28... Ng4 $3 {[%mdl 128]} (28... g5
29. Bxe5 Rxf1 30. Rxf1 g4+ 31. Kh4 Qxe5 32. Qxd3 $18) 29. Nxd3 {Now black gets
a draw, but also other moves don't lead to white's advantage:} (29. Kg2 d2 $1
30. Bxd2 (30. Re2 Bxb2 31. Rxd2 (31. Qxb2 d1=Q 32. Rxd1 Qxd1 33. h3 g5 $1)
31... Bd4 $36) (30. Rd1 Bxb2 31. Rxd2 Bd4 $36) 30... Rxf1 31. Rxf1 (31. Kxf1
Rf8+ 32. Bf4 Qh5 (32... g5 33. Qd3 Bd4 34. h3 Ne5 35. Qd2 gxf4 (35... Nf3 $2
36. Qg2 Nxe1 37. Nf6+ $18) 36. gxf4 Qf7 $44) 33. h4 (33. Qc2 Qh3+ (33... g5 34.
Nd3 gxf4 35. Nxf4 Bd4 $40) 34. Kg1 Bd4+ 35. Kh1 Bf2 36. Qxf2 Nxf2+ 37. Nxf2 $16
) 33... g5 34. Nd3 gxf4 35. Nxf4 Be5 $40 {[%csl Rf4]}) 31... Re8 $1 (31... Bxb2
{[%csl Re4][%cal Gg4f6] with the idea Nf6} 32. Qxb2 Qxe4+ 33. Kg1 Ne5 $13 (
33... Rd8 34. Bc1 $16) 34. Bxh6 $1 Kh7 35. Bf8 $1 $18 {[%csl Rg7]}) 32. Re1
Bxb2 33. Qc2 Bd4 34. Qc4 Qxc4 35. bxc4 Ra8 $11) (29. Rh1 Bxb2 $1 (29... d2 $5
30. Re2 $1 (30. Bxd2 $2 Rf2 $3 31. Bg5 Rxb2 32. Nf6+ Nxf6 33. Qxb2 Ne4 $1 $19)
30... Bxb2 31. Qxb2 d1=Q 32. Rxd1 Qxd1 33. Kxg4 g5 (33... Rce8 34. Qd2 $18) 34.
Bd6 $18) 30. Qxb2 Rce8 $1 $40 31. Qd2 (31. Bxh6 Qh5+ 32. Kg2 Qxh6 $17 33. h3
Ne3+ (33... d2 34. hxg4 dxe1=Q 35. Rxe1 $16 {[%cal Rg4g5] with g5!}) 34. Rxe3
Qxe3 35. Nf6+ Rxf6 36. Qxf6 Qd2+ $19) 31... Rxe4 32. Rxe4 Qxe4 33. Rc1 Qf3 $19)
29... Qh5+ 30. Kg2 Qxh2+ 31. Kf3 Qh5 32. Kg2 Qh2+ 33. Kf3 Qh5 (33... Qh3 $2 34.
Rh1 Nh2+ 35. Rxh2 Qxh2 36. Rh1 $18) (33... Rcd8 $5 34. Rh1 Rxd3+ 35. Qxd3 (35.
Kxg4 $2 h5+ 36. Kg5 Rd5+ 37. Kxg6 Rxf4 $3 $19) 35... Ne5+ 36. Ke3 Ng4+ 37. Kf3
Ne5+ 38. Ke3 Ng4+ $11) 34. Kg2 {Kevin didn't want to take a risk, and probably
he was right:} (34. Rh1 Ne5+ 35. Ke3 Qf3+ 36. Kd2 Qg2+ 37. Kc1 (37. Re2 Nf3+
$19) 37... Nf3 (37... c4 38. Nxe5 cxb3+ 39. Kd1 bxa2 40. Qb3+ Kh7 (40... Kh8
41. Nxg6+ Kh7 42. Ng5+ Kxg6 43. Re6+ Bf6 44. Qd3+ $18) 41. Ng5+ Kh8 42. Nxg6#)
38. Ref1 c4 39. Ndc5 Nd4 $1 $40 {[%cal Rd4e2,Rc4b3]} (39... Rxf4 $5 40. gxf4
Rxc5 $44) (39... Rxc5 40. Nxc5 Rxf4 41. Qc2 Qxg3 $13)) (34. Ndxc5 g5 (34... Bd4
$1 $40) 35. Ne6 gxf4 36. Nxf4 Qh3 $1 37. Ke2 Qh2+ $40) 34... Qh2+ 1/2-1/2

[Event "EU-chT (Men) 13th"]
[Site "Leon"]
[Date "2001.11.15"]
[Round "9.2"]
[White "Stohl, Igor"]
[Black "Gunnarsson, Jon Viktor"]
[Result "1/2-1/2"]
[WhiteElo "2534"]
[BlackElo "2386"]
[Annotator "Stohl,I"]
[PlyCount "115"]
[EventDate "2001.11.06"]
[EventType "team-swiss"]
[EventRounds "9"]
[EventCountry "ESP"]
[SourceTitle "CBM 086"]
[Source "ChessBase"]
[SourceDate "2002.02.05"]
[SourceVersion "1"]
[SourceVersionDate "2002.02.05"]
[SourceQuality "1"]
[WhiteTeam "Slovakia"]
[BlackTeam "Iceland"]
[WhiteTeamCountry "SVK"]
[BlackTeamCountry "ISL"]

{[%mdl 32768]} 1. c4 Nf6 2. d4 c5 3. d5 b5 4. cxb5 a6 5. bxa6 g6 6. Nc3 Bxa6 7.
g3 d6 8. Bg2 Nbd7 (8... Bg7 9. Rb1 $5 Nbd7 10. a4 (10. b3 $142 {gives more
chances for an opening advantage, Ilincic's move is very committal.}) 10... Ne5
11. b3 O-O 12. Nh3 Qd7 13. O-O Rfb8 14. Nf4 Ra7 15. Bh3 Qd8 16. Ng2 Rab7 17.
Ba3 Neg4 18. Qc2 Qd7 19. Nf4 g5 20. Ng2 Ne3 21. Nxe3 Qxh3 $44 {|^,Ilincic,
Z-Gunnarsson,J/EU-ChT Leon/2001/}) 9. Nf3 Bg7 10. O-O (10. Rb1 Nb6 11. b3 $1
O-O 12. O-O Ne8 (12... Ra7 $142 {/\Qa8,Rb8}) 13. Bb2 Nc7 14. Nh4 Ra7 15. Qd2
Qd7 16. Rfd1 Rb8 17. Ba1 Bc8 18. a4 Rba8 19. Nf3 Bb7 20. e4 Bc8 21. Re1 Qd8 22.
h3 c4 23. Qe3 Ne8 24. Nb5 Ra6 25. Bxg7 Nxg7 26. Nfd4 $16 {Kasimdzhanov,R-Ghaem
Maghami,E/WChT Yerevan/2001/}) 10... O-O (10... Nb6 {is the main move, but
lately White has been successful with Karpov's} 11. Nh4 $5 O-O 12. Qc2 Ra7 13.
Rd1 Qa8 14. b3 Rc8 15. Bb2 c4 16. b4 Bb7 17. e4 Na4 18. Nxa4 Rxa4 19. Bc3 Ra3
20. Bd4 c3 21. Nf3 e5 22. dxe6 Bxe4 23. exf7+ Kh8 24. Qe2 Rf8 25. Ng5 $1 Bxg2
26. Qe7 $1 {/\Qf6!} Nh5 27. Ne6 Bh3 28. Bxg7+ Nxg7 29. Qxf8+ Qxf8 30. Nxf8 Ra8
31. Rxd6 Rxf8 32. Rc6 Ne6 33. Rxc3 Rxf7 34. Re1 $18 {Kuemin,S-De Vreugt,D/Zug/
2001/}) 11. Qc2 $14 Ng4 $5 {Probably Black's best option. If he can anchor his
N on c4, White's << will get under considerable pressure.} (11... Ne8 12. Rd1
Nc7 13. Bf4 (13. a4 Rb8 14. Rb1 Bb7 15. e4 Na6 16. Bf4 Nb4 17. Qd2 Ba6 18. Bf1
Bxf1 19. Kxf1 Qa5 20. Qe2 Qa6 21. Qxa6 Nxa6 22. Nb5 {Krasenkow,M-Miton,K/
POL-chT Glogow/2001/} f5 $5 $14 {<=>}) 13... Nb5 14. Nxb5 Bxb5 15. a4 Ba6 16.
Rab1 Qb6 17. b3 Qb4 18. Bd2 Qb7 19. e4 Be2 20. Re1 Qa6 21. Bf1 Bxf1 22. Rxf1
Rfc8 23. a5 $1 c4 24. b4 c3 25. Be3 Rc4 26. Rfd1 Ne5 27. Ne1 Qb5 28. Qe2 Qa4
29. Ra1 Qd7 30. Rd4 $16 {Bareev,E-Miton,K/POL SuperCup Warsaw/2001/}) (11...
Qc7 12. Rd1 Rfb8 13. h3 Bc4 14. Nd2 Ba6 15. Rb1 Nb6 16. b3 Ne8 17. Bb2 Qa7 18.
e4 Nc7 19. Bf1 Bxf1 20. Rxf1 Qa6 21. a4 Ra7 22. Nd1 e6 23. Bxg7 Kxg7 24. dxe6
Nxe6 25. Nf3 $14 {Sakaev,K-Martinovic,S/JUG-chT Novi Sad/2000/}) (11... Nb6 12.
Rd1 Bc4 $2 13. e4 Ng4 14. b3 Ba6 15. Bb2 f5 $2 16. h3 Ne5 17. Ng5 f4 18. gxf4
e6 19. Nxe6 Qh4 20. fxe5 Bxe5 21. Na4 Nd7 22. Bxe5 Nxe5 23. f4 $18 {Arencibia,
W-Stamenkov,V/WChT Yerevan/2001/ A clear example how not to play this line.})
12. Rd1 Qa5 $1 (12... Qc7 $143 13. Bd2 Rfb8 14. Rab1 Qa7 15. h3 Nge5 16. Nxe5
Bxe5 17. b3 Bd4 18. Be1 Rb7 19. a4 Rab8 20. e3 Bg7 21. Bf1 Ne5 22. Nb5 Nf3+ 23.
Kg2 Nxe1+ 24. Rxe1 $14 {/+/-,Stohl,I-Vaganian,R/Manila izt/1990/}) 13. Bd2 (13.
Rb1 Rab8 (13... Bc4 $5 14. Bd2 Qa6 $132) 14. Bd2 Bc8 15. b3 Qa6 16. Bf1 Nde5
17. Nxe5 Nxe5 18. a4 Qb7 19. Bg2 $14 {Pukkila,M-Penttinen,J/Kuopio/1995/})
13... Rfb8 14. h3 $146 (14. b3 $142 $5 Qb6 (14... Qa3 15. Bc1 Qa5 16. Bb2 $14
c4 $2 17. Nd4 $36) 15. h3 Nge5 16. Nxe5 Nxe5 17. Rab1 Bc8 18. Kh2 (18. a4 Bf5
19. e4 Bd7 20. Be3 Qa5 21. f4 Nc4 $1 22. bxc4 Bxc3 23. Rxb8+ Rxb8 24. Rb1 Rb4
$1 $17 {Van der Sterren,P-Adams,M/Ter Apel/1992/}) 18... c4 19. Be3 cxb3 20.
Rxb3 Qc7 21. Bd4 $14) (14. Be1 Nge5 15. Nxe5 Nxe5 16. b3 Bc8 17. Na4 Qb5 18.
Rab1 Bf5 19. Be4 Bg4 20. Nc3 Qa6 21. f4 Nd7 22. Bd3 Qa7 23. Kg2 Nb6 24. Be4 Qd7
25. a4 c4 26. b4 Nxa4 27. Nxa4 Qxa4 28. Qxc4 Rc8 $14 {<=>,Grigore,G-Vajda,L/
ROM-ch Iasi/1999/}) 14... Nge5 15. Nxe5 Bxe5 $1 (15... Nxe5 16. b3 $14 {/\} Qa3
17. Nb1 $18) 16. e3 (16. b3 Qa3 $44 {/\c4}) (16. Rab1 Bxc3 17. Bxc3 Qxa2 18.
Qe4 Re8 $13) (16. Be1 $5) 16... Bg7 {[%csl Rd3][%cal Rd7e5] /\Ne5,><d3} (16...
Nb6 17. Ne4 Qb5 18. Bc3 $16) 17. b3 (17. Ne4 Qb5 18. Bc3 Bxc3 19. bxc3 Qb2 $132
) 17... Qa3 18. Bc1 (18. Rab1 {-20.Rab1}) (18. Nb1 $2 Qb2 $17) 18... Qb4 19.
Bd2 (19. Bb2 c4 $11) 19... Qa3 (19... Ne5 20. f4 Bd3 21. Qc1 Nd7 22. Na4 Qb5
23. Bc3 $14) 20. Rab1 Ne5 (20... c4 $142 $5 $44) 21. Bc1 Qb4 22. a3 $1 (22. Bb2
$6 Bd3 $1 23. Rxd3 Nxd3 24. Qxd3 c4 25. Qd2 (25. Qc2 cxb3 26. axb3 Qxb3 27. Be4
Qxc2 28. Bxc2 Rc8 $19) 25... Rxa2 $36 (25... cxb3 26. a3 $16)) 22... Qa5 23.
Na2 (23. Bb2 $2 Bd3 24. Rxd3 Nxd3 25. Qxd3 Rxb3 $17) 23... Rb7 (23... Qb5 $142
24. Nc3 (24. f4 Qe2 $1 25. Qxe2 Bxe2 26. Rd2 Nf3+ 27. Bxf3 Bxf3 $36) (24. Bf1
Qb7 $44) 24... Qa5 25. Ne4 $1 Qb5 26. Bf1 $14) 24. Bb2 Rab8 (24... Bd3 25. Rxd3
Nxd3 26. Qxd3 Bxb2 27. Rxb2 Qxa3 28. Qc3 $14) 25. Nc1 $14 {White has managed
to consolidate his << and can finally start thinking about [+] and >> activity.
} Nc4 $6 {A waste of time, as the tactics don't work. But White was ready to
prepare f4 anyway.} 26. Bxg7 Kxg7 $8 (26... Nxa3 27. Qa2 Kxg7 28. Ra1 $18 {
wins a piece.}) 27. Ra1 Ne5 28. Qd2 (28. f4 $142 $36) 28... Qb6 (28... Qxd2
$142 29. Rxd2 f5 $14 {It is quite often on Black's interest to swap Q in the
Volga despite the minus pawn, as it diminishes White's possible attacking
chances.}) 29. Qc3 Kg8 30. f4 Nd7 31. Kh2 $36 {+/-} Ra7 32. e4 Bb5 33. e5 {
[%csl Gd5,Ge5] While looking for << targets costs Black precious time, White
has become active in the [+].} Rba8 34. a4 (34. e6 $5 Nf6 35. exf7+ Kxf7 36. a4
$16) 34... Ba6 35. Re1 $138 {Just before the control White is reluctant to
change the character of the position.} (35. e6 $5) 35... Rb8 36. Ra2 Qb4 37.
Qe3 Rab7 38. Rd2 (38. Rf2 $5 $40) 38... Nb6 (38... dxe5 39. fxe5 Nxe5 $2 40.
Na2 Qa5 41. b4 cxb4 42. Qxe5 b3 43. Nc3 $18) (38... c4 39. Rd4 {[%cal Rg2f1] /
\Bf1+/-}) 39. exd6 {White decides to force matters, but perhaps} (39. h4 $5 {/\
} c4 40. Rd4 Qa5 41. f5 $40 {was more to the point.}) 39... exd6 40. f5 c4 ({
Safer was} 40... Nd7 $142 41. Rf2 $36) 41. Qh6 $1 {[%cal Rd2e2,Rf5f6] /\f6,Rde2
} (41. f6 Nd7 $13) 41... Nd7 $8 42. fxg6 (42. bxc4 $5) (42. Rde2 Nf6 43. fxg6
hxg6 44. Re3 $5 (44. Qh4 cxb3 45. Qxf6 Bxe2 46. Rxe2 b2 47. Nd3 b1=Q 48. Nxb4
Qxb4 49. Re4 Qb2 $15) 44... cxb3 45. Nxb3 Bd3 $1 $132) 42... hxg6 43. Re4 Qc3 (
43... Nf6 44. Rh4 Nh5 45. Bf3 $18) 44. Rdd4 (44. bxc4 Bxc4 45. Ne2 Bxe2 46.
Rdxe2 Nf6 47. Rh4 Nh5 48. Qg5 Ng7 $16 {<=>}) 44... Nf6 45. Ne2 (45. Rh4 Nh5 46.
Rdg4 Qg7 $1 47. Rxh5 cxb3 $44) 45... Qb2 (45... Qa1 46. Rh4 Nh5 47. g4 $18) 46.
Rh4 $6 (46. Rd2 $5 Qa1 (46... Qxb3 47. Rh4 Nh5 48. g4 c3 49. gxh5 cxd2 50. hxg6
Qb2 51. Nd4 $18) 47. Rh4 Nh5 48. bxc4 $16 {/\} Rb2 49. Re4 $1 $16 (49. Rxh5
Rxd2 (49... gxh5 50. Be4 $18) 50. Qh7+ Kf8 51. Qh8+ Qxh8 52. Rxh8+ Ke7 53. Rxb8
Rxe2 $16 {/+/=})) 46... Nh5 47. Rd2 (47. g4 $5 Qxe2 48. gxh5 Qe5+ 49. Rdf4 g5
50. Rhg4 f6 51. Qxf6 Qxf6 52. Rxf6 cxb3 53. Be4 $40) 47... Qg7 48. Qxg7+ Kxg7
49. bxc4 {Black has survived the -> and in the _|_ he has drawing chances.} Rb4
(49... Rb2 50. Rxb2 Rxb2 51. Nd4 Bxc4 52. Nf5+ gxf5 53. Rxc4 $16) 50. Nc3 Rxc4
(50... Bxc4 $2 51. Rdd4 Rc8 52. Nb5 $18) 51. Rxc4 Bxc4 52. Nb5 $6 (52. Ne4 $142
$1 {/\} Rb6 53. Rd4 Ba6 54. a5 Rb2 55. Rd2 $16) 52... Rb6 53. Rc2 Bxb5 54. Rb2
Nf6 55. axb5 Nd7 56. Bf1 Nf6 57. Bc4 Ne4 $14 58. Bd3 $138 {With the last 5
minutes against Black's 25 I decided not to take risks anymore by attempting
to solve the already difficult technical task.} (58. Ra2 Kf6 59. Ra6 Rb7 $14 {
/\Ke5,Nc3<=>}) 1/2-1/2

[Event "MK Cafe Cup-A"]
[Site "Koszalin"]
[Date "1999.08.13"]
[Round "10"]
[White "Stohl, Igor"]
[Black "Kogan, Artur"]
[Result "1/2-1/2"]
[WhiteElo "2600"]
[BlackElo "2518"]
[Annotator "Stohl,I"]
[PlyCount "83"]
[EventDate "1999.08.03"]
[EventType "swiss"]
[EventRounds "9"]
[EventCountry "POL"]
[SourceTitle "CBM 073"]
[Source "ChessBase"]
[SourceDate "1999.12.01"]
[SourceVersion "1"]
[SourceVersionDate "1999.12.01"]
[SourceQuality "1"]

1. d4 Nf6 2. c4 c5 3. d5 b5 4. cxb5 a6 5. bxa6 g6 6. Nc3 Bxa6 7. g3 Bg7 8. Bg2
d6 9. Nf3 Nbd7 10. O-O Nb6 (10... O-O $6 11. Qc2 $14 {[%cal Yf1d1] /\Rd1}) 11.
Re1 (11. Nd2 O-O 12. Qc2 Bb7 $5 (12... Qc7 13. Rd1 (13. Re1 Rab8 14. e4 Ng4 15.
Nf3 Nd7 16. Bf1 Bxf1 17. Rxf1 Nge5 18. Nxe5 Nxe5 19. f4 Nc4 20. Qe2 Na5 21. e5
Qb6 22. Ne4 Qb4 23. Kh1 Nc4 24. b3 Nb6 25. Bb2 Nxd5 26. Rad1 Qb7 27. Qf3 Nb4
$36 {Andresen,S-Mainka,R/BL9293/1993/}) 13... Rfb8 14. Rb1 Qb7 15. Nde4 Nxe4
16. Bxe4 Nc4 17. b3 Qb4 18. bxc4 Qxc3 19. Qxc3 Bxc3 20. Rb3 Bb4 21. Bd3 Bc8 22.
a3 Bd7 23. Rb1 Ba4 24. Rf1 Bc3 25. Bg5 f6 26. Be3 Rb3 $44 {Stohl,I-Greenfeld,A/
EUChJ Groningen/1983/}) (12... Ra7 13. Rd1 Qa8 14. Nf1 Bb7 (14... Nfd7 15. Ne3
Rc8 16. Bd2 Bb7 17. b3 c4 18. b4 Ra3 19. h4 Qa6 20. Rdb1 Nf6 21. Qc1 Ne8 22.
Ned1 Nc7 23. e4 e6 24. dxe6 fxe6 25. Bh6 Bh8 26. h5 $36 {Zagorskis,D-De Vreugt,
D/Groningen/1996/}) 15. e4 Na4 16. Ne3 (16. Nxa4 Rxa4 17. b3 Rxe4 18. Bxe4 Nxe4
19. Bb2 Bxb2 20. Qxb2 Bxd5 $132 {Rechlis,G-Mikac,M/Ostrava/1991/}) 16... Nxc3
17. bxc3 Ra4 {Ivanchuk,V-Illescas Cordoba,M/Moscow olm/1994/} 18. a3 $14) 13.
e4 Ba6 14. Rd1 Ng4 $1 (14... Nfd7 15. b3 Ne5 16. Nf3 Nbd7 17. Bb2 Qa5 18. Nxe5
Nxe5 19. Na4 c4 20. Bc3 Qc7 21. Bd4 Rab8 22. Qc3 $16 {Burmakin,V-Khalifman,A/
St. Petersburg/ 1998/}) 15. Nf3 Nc4 16. h3 Nge5 17. Nxe5 Nxe5 18. b3 Qa5 19.
Bb2 c4 20. Na4 Rfb8 21. f4 Nd3 22. Bxg7 Kxg7 23. bxc4 Nc5 24. Nxc5 Qxc5+ 25.
Kh2 Qxc4 $132 {Ginting,N-Ernst,T/Gausdal/1992/}) 11... O-O 12. Bf4 Nh5 13. Bg5
h6 14. Bc1 Nc4 $6 {This helps White to coordinate his pieces in the required
way.} (14... Nf6 $142 15. a3 $5 (15. Rb1 Bc4 (15... Nfd7 $5 16. Bf4 Nc4 17. Qc2
Qa5 18. Rbc1 Rfb8 19. b3 Na3 20. Qd2 $13 {1/2,Greenfeld,A-Alterman,B/Beersheba/
1991/}) 16. e4 Bxa2 17. Nxa2 Rxa2 18. e5 (18. b4 cxb4 19. Rxb4 Nfd7 20. Qb3 Ra4
$1 21. Be3 Rxb4 22. Qxb4 Qa8 23. Nd4 Rb8 24. Qb5 Qa4 25. Qxa4 Nxa4 26. Nc6 Re8
27. Rb1 Nac5 28. Bh3 e6 29. dxe6 fxe6 30. Bg2 Kf7 31. Rd1 Bf8 32. f4 Rc8 $11 {
1/2,Hulak,K-Sermek,D/Ptuj/1995/}) 18... Nfxd5 19. e6 Ra4 20. exf7+ Rxf7 21. Qc2
Rf6 22. Nh4 Nb4 23. Qe2 g5 24. Nf3 e5 25. h4 gxh4 26. Nxh4 Ra7 27. f4 Re7 $17 {
Bacrot,E-Ponomariov,R/Lausanne/1999/}) (15. Nd2 Qc7 16. Rb1 Qb7 17. b4 $5 cxb4
18. Rxb4 Qc7 19. Bb2 Nc4 20. Nxc4 Bxc4 21. Qd2 Ng4 22. Na4 Rfb8 23. Bxg7 Kxg7
24. Qd4+ Ne5 25. Rxb8 Qxb8 26. Nb6 Qa7 27. f4 Rb8 28. Rb1 Qxa2 29. Ra1 Qxe2 30.
Bf1 $18 {Krizsany,L-Turzo,A/Budapest/1995/}) 15... Ra7 16. Rb1 Qa8 17. e4 Nfd7
18. e5 $5 (18. Qc2 Nc4 19. b3 Nce5 20. Nxe5 Nxe5 21. Rd1 Rb8 22. h3 Rab7 23. b4
cxb4 24. axb4 Rc7 25. Rb3 Bc4 26. Ra3 Qb7 27. Be3 Qc8 28. Qd2 {Cvitan,O-Milos,
G/Novi Sad olm/1990/} Bf1 $3 $17) 18... Nxe5 19. Nxe5 dxe5 20. Be3 Rc8 21. Ne4
Nxd5 22. Bxc5 Rd7 23. b4 Rcd8 24. Qb3 f5 25. Bb6 $1 fxe4 26. Bxd8 Qxd8 27. b5
Bb7 28. Bxe4 $16 {Koniushkov,I-Egin,V/Sochi/1997/}) ({Also not ideal is} 14...
Rb8 15. Qc2 Nc4 16. Nd2 Ne5 17. f4 Nd7 18. Nf3 Nhf6 19. h3 Re8 20. e4 e6 21.
dxe6 Rxe6 22. Rb1 Nb6 23. Be3 Nc4 24. Bf2 Qa5 25. Nd2 Nxd2 26. Qxd2 $16 {
Van der Sterren,P-Fedorowicz,J/Wijk aan Zee/ 1989/}) 15. Nd2 $146 {White must
chase the N away from c4 as soon as possible, otherwise it might be late:} (15.
Qc2 $2 Qa5 16. Nd2 Na3 $1 17. bxa3 Qxc3 18. Qxc3 Bxc3 19. Rb1 Nf6 20. Rb3 Ba5
21. e4 c4 22. Rf3 Ng4 23. Rd1 c3 24. Nb3 Be2 $19 {Ansner,B-Malmstig,E/
Stockholm/1995/}) 15... Ne5 16. Qc2 {[%cal Yb2b3,Yc1b2] /\b3,Bb2} Qb6 17. Rb1
$5 (17. b3 c4 $5 $132) 17... f5 $2 {[%mdl 16384] A positional mistake. Black
was hoping to get in f4 with an initiative on both flanks, but White can
prevent this and get on with his development at the same time.} 18. Nf3 Nc4 (
18... Nxf3+ 19. exf3 $1 {[%csl Re7][%cal Ge1e7] ><e7,<->e only leaves Black
with weaknesses.}) 19. Nh4 $1 {><g6 The point. Now because of ><g6 Black's >>
activity is curtailed.} (19. b3 $2 Qb4 {/\Qc3,Na3} 20. bxc4 Qxc3 21. Qxc3 Bxc3
22. Bxh6 Bxe1 23. Bxf8 Kxf8 24. Rxe1 Bxc4 $11) 19... Ne5 $8 (19... Kh7 $2 20.
g4 $18) (19... Rf6 20. b3 {/\Bb2}) 20. b3 $16 Bc8 21. Bb2 Qa7 (21... g5 22. Nf3
Nxf3+ 23. exf3 $16 (23. Bxf3 $16)) (21... Bd7 $142) 22. Nb5 $5 Qb6 (22... Qxa2
$2 23. Ra1 Qxb2 24. Qxb2 Nf3+ 25. Bxf3 Bxb2 26. Rxa8 $18) 23. a4 Kh7 24. Nf3 ({
Also the immediate} 24. f4 $5 Ng4 (24... c4+ $2 25. Bd4) 25. Bxg7 Nxg7 26. Bf3
$16 {was possible, but White wants to centralize his N first.}) 24... Nf7 25.
Bxg7 Nxg7 26. Nd2 Ba6 27. Nc4 Qb8 28. Nc3 Qc7 29. f4 {Already this prophylaxis
is not necessary. More forceful was} (29. e4 $142 $16 {/+-,/\} Bxc4 30. bxc4
Ne5 31. f4 $1 Nxc4 $2 32. Nb5) 29... Rab8 30. e4 Nd8 31. e5 $6 {[%mdl 16384]
Now it's White's turn to abuse strategy. Closing the position helps Black to
get into the game.} (31. Bf1 $1 {[%csl Rg6,Rh6][%cal Ye1e3,Yb1e1,Yf1d3] /\Re3,
Rbe1,Bd3->׻} fxe4 32. Rxe4 Nf5 33. Rbe1 Rf7 34. Bd3 $16) 31... Rb4 32. Bf1 Nf7
$1 33. e6 $2 {Another mistake in the same spirit.} (33. Nb5 $142 Bxb5 (33...
Qb8 34. Na5 Nd8 35. exd6 exd6 36. Re7 $40) 34. axb5 dxe5 35. Nxe5 $16) 33...
Nd8 {/\Nb7-a5 Now Black's >> holds together and he manages to get his pieces
over to the other flank and create <=>} 34. Ne3 Bxf1 35. Rxf1 Nb7 36. Nc4 Na5
37. Nb5 Qd8 38. Rfe1 Ne8 39. Re3 Qa8 $1 $13 40. Nxa5 (40. Rc3 Nxc4 41. bxc4
Rxa4 $132) 40... Qxa5 41. Rd1 Nc7 42. Nxc7 (42. Nxc7 Qxc7 43. Rc3 (43. Rdd3 c4
$1 44. Rc3 Qb6 $132 {/\} 45. bxc4 $2 Rb1+ 46. Kg2 Rb2 $19) 43... Qb6 44. Rdd3
Rb8 $44 {White has no active plan to realize his extra pawn (no minor pieces
for a successful attack) and can just passively hold the position.}) 1/2-1/2